000 00445nam a2200157Ia 4500
005 20250304103140.0
008 231217s9999 xx 000 0 und d
020 _a9788131415092
082 _a658.83 JAY;1 R
100 _aJaya Krishna, S ed.
245 0 _aMarketing for social change : perspectives and experiences
260 _c2008
_bICFAI Press
_aHyderabad
300 _ax, 310
650 _aMarketing,social,experiences
942 _cAA
999 _c190730
_d190730